000 00802nam a2200253Ia 4500
001 Para_3418
003 CHAP
008 220125s1969 xx 000 0 und d
010 _a201925
040 _cCHAP
082 _aPA 632.7 S8
100 _aStern, Vernon M
_9109704
245 _aInsect pests of major food crops, their reinvasion potential and the effects of radiation on arthropods /
_c Vernon M. Stern.
260 _aWashington :
_b University of California
300 _a209 p.
650 _aCultivos
_x Plagas Radiación
_x Efecto en insectos Insectos
_x Dispersión Artrópodos
_9166891
901 _aPA 632.7 S8
902 _aA
905 _a0000001969 WAS 0000000000 00
910 _a1969
942 _cPARA
942 _cPARA
_d1
999 _c201925
_d201925